000 00319nam a2200121Ia 4500
008 191201s2005 xx 000 0 und d
100 _aFRANZ, J H
245 0 _aOptical Communications Components Systems
260 _aN.Delhi
_bNarosa Publication House
_c2005
300 _a717
650 _aB.Tech(ECE)
942 _2ddc
_cBK
999 _c2095
_d2095